<La> politique budgétaire dans le processus d'unification économique européenne: entre autonomie et fédéralisme?

Autonómia rozpočtových národných politík a tlak na ne. Princíp subsidiarity. Rozdeľovanie intervencie na úrovni ES. Vývoj rozdeľovacích akcií EHS. Mechanizmus automatických záruk. Transfery medzi regiónmi. (Observations et diagnostics économiques 1992, č.40.).

Gespeichert in:
Bibliographische Detailangaben
1. Verfasser: Bureau, D.
Weitere Verfasser: Champsaur, P.
Format: Buchkapitel
Sprache:Französisch
Schlagworte:
Tags: Tag hinzufügen
Keine Tags, Fügen Sie das erste Tag hinzu!

MARC

LEADER 00000naa a2200000 4500
001 r010295
005 20220913125154.2
041 0 |a fre 
044 |a FR 
245 1 0 |a <La> politique budgétaire dans le processus d'unification économique européenne: entre autonomie et fédéralisme?  |c D. Bureau, P. Champsaur 
520 |a Autonómia rozpočtových národných politík a tlak na ne. Princíp subsidiarity. Rozdeľovanie intervencie na úrovni ES. Vývoj rozdeľovacích akcií EHS. Mechanizmus automatických záruk. Transfery medzi regiónmi. (Observations et diagnostics économiques 1992, č.40.). 
610 2 0 |a politika finančná 
610 2 0 |a rozpočet štátny 
610 2 0 |a Európske spoločenstvá 
610 2 0 |a integrácia ekonomická medzinárodná 
610 2 0 |a EHS 
610 2 0 |a unifikácia 
610 2 0 |a autonómia 
610 2 0 |a federácia 
100 1 |a Bureau, D. 
700 1 |a Champsaur, P.